Author by A-Z Character Quiz Stats

 Plays Quiz Updated Aug 30, 2018

Score 0/26 Timer 06:00
2 Plays Today
Question Answer Wrong Answers
Bilbo Baggins J. R. R. Tolkien
96.7%
George R. R. Martin
1.1%
Lewis Carroll
0.6%
C. S. Lewis
1.2%
James Bond Ian Fleming
92.2%
Dr. No
1.3%
Sean Connery
1.6%
Pierce Brosnan
0.8%
Ophelia William Shakespeare
92.1%
Jonathan Swift
0.7%
Victor Hugo
1.3%
Prince Hamlet
0.9%
Queen of Hearts Lewis Carroll
90.2%
J. M. Barrie
2.2%
Roald Dahl
1.1%
Rudyard Kipling
1.3%
Daenerys Targaryen George R. R. Martin
89.6%
Robin McKinley
3.1%
J. R. R. Tolkien
3.3%
Steve Martin
1.8%
Matilda Wormwood Roald Dahl
88.7%
Tim Burton
2.3%
P. L. Travers
2.4%
Dr. Seuss
1.6%
Ishmael Herman Melville
87.6%
Nathaniel Hawthorne
2.8%
Robert Louis Stevenson
3.2%
Ralph Waldo Emerson
2%
Porthos Alexander Dumas
85.2%
D'Artagnan
4.8%
Émile Zola
2%
Alexander Pushkin
2.5%
Katniss Everdeen Suzanne Collins
84.8%
Phil Collins
0.7%
Veronica Roth
6.6%
Vanessa Rath
3.2%
Holden Caulfield J. D. Salinger
83.9%
F. Scott Fitzgerald
4.7%
Harper Lee
5.6%
O. Henry
1.6%
Yertle the Turtle Dr. Seuss
82.6%
Maurice Sendak
3.4%
Beatrix Potter
4.6%
E. B. White
3.1%
Ralph William Golding
82.3%
William Penn
5.7%
will.i.am
1.4%
William Wallace
4.6%
Nick Carraway F. Scott Fitzgerald
76.2%
Ernest Hemingway
10.1%
Langston Hughes
3.7%
T. S. Eliot
4.4%
Emma Woodhouse Jane Austen
75.8%
Jane Eyre
7.7%
Emma Brontë
7.7%
Emily Dickinson
5.5%
Xenophilius Lovegood J. K. Rowling
74.8%
Stephenie Meyer
3.9%
H. P. Lovecraft
11.7%
Stephen King
3.4%
Lucy Pevensie C. S. Lewis
73.7%
Madeleine L'Engle
8.6%
Ursula K. Le Guin
5.2%
Lewis Carroll
7.3%
Uriah Heep Charles Dickens
73.1%
William Shakespeare
1.5%
Wilkie Collins
4.9%
George Eliot
14.2%
Zaphod Beeblebrox Douglas Adams
65.2%
Terry Pratchett
18.7%
Eric Idle
5.7%
Ford Prefect
3.3%
Artemis Fowl II Eoin Colfer
64.9%
Domovoi Butler
5.1%
Eoin Macken
14.2%
Marcus Butler
14%
Winston Smith George Orwell
64.8%
Aldous Huxley
13.7%
Isaac Asimov
5.2%
H. G. Wells
9.7%
Curious George H. A. and Margret Rey
57.1%
Stan and Jan Berenstain
10.5%
Astrid Lindgren
11.6%
Maurice Sendak
16.5%
Clarisse McClellan Ray Bradbury
54.4%
Isaac Asimov
17.7%
Ray Charles
10.3%
George Orwell
14.3%
Figaro Pierre Beaumarchais
54.2%
William Shakespeare
30%
Oscar Wilde
10.2%
Napoleon Bonaparte
1.8%
Stanley Yelnats Louis Sachar
48.9%
Andrew Clements
14.6%
Jerry Spinelli
13.3%
Carl Hiaasen
16.6%
Vizzini William Goldman
40%
William Golding
26.3%
Goldman Sachs
6.5%
Kenneth Goldsmith
20.3%
Tris Prior Veronica Roth
39.4%
Kevin Roth
5.2%
Philip Roth
40.6%
Jessica Roth
8.2%

You're not logged in!

Compare scores with friends on all Sporcle quizzes.
OR
Log In

Sporcle TV

Today on Sporcle TV


Watch our educational content, quiz creation guides, and fun videos on Sporcle TV.

Show Comments

Extras

Top Quizzes Today


Score Distribution

Your Account Isn't Verified!

In order to create a playlist on Sporcle, you need to verify the email address you used during registration. Go to your Sporcle Settings to finish the process.

Report this User

Report this user for behavior that violates our Community Guidelines.

Details: